Informe de Práctica Supervisada realizado en la Clínica de Especialidades Odontológicas Juan Carlos Coto Picado (Registro nro. 7228)
[ vista simple ]
| 000 -LEADER | |
|---|---|
| fixed length control field | 00642aam a2200205 4500 |
| 005 - DATE AND TIME OF LATEST TRANSACTION | |
| control field | 20170214152233.0 |
| 008 - FIXED-LENGTH DATA ELEMENTS--GENERAL INFORMATION | |
| fixed length control field | 150728b xxu||||| |||| 00| 0 spa d |
| 041 ## - LANGUAGE CODE | |
| Language code of text/sound track or separate title | spa |
| 082 ## - DEWEY DECIMAL CLASSIFICATION NUMBER | |
| Classification number | MD 267 |
| 100 ## - MAIN ENTRY--AUTHOR NAME | |
| Personal name | López Vargas, Saray |
| 245 ## - TITLE STATEMENT | |
| Title | Informe de Práctica Supervisada realizado en la Clínica de Especialidades Odontológicas Juan Carlos Coto Picado |
| 260 ## - PUBLICATION, DISTRIBUTION, ETC. (IMPRINT) | |
| Year of publication | 2013 |
| 650 ## - SUBJECT ADDED ENTRY--TOPICAL TERM | |
| Topical Term | COSTA RICA |
| 650 ## - SUBJECT ADDED ENTRY--TOPICAL TERM | |
| Topical Term | MANTENIMIENTO |
| 650 ## - SUBJECT ADDED ENTRY--TOPICAL TERM | |
| Topical Term | PRÓTESIS SOBRE IMPLANTES |
| 650 ## - SUBJECT ADDED ENTRY--TOPICAL TERM | |
| Topical Term | IMPLANTES DENTALES |
| 650 ## - SUBJECT ADDED ENTRY--TOPICAL TERM | |
| Topical Term | LABORATORIOS DENTALES |
| 650 ## - SUBJECT ADDED ENTRY--TOPICAL TERM | |
| Topical Term | APERTURA DE LABORATORIOS |
| 942 ## - ADDED ENTRY ELEMENTS (KOHA) | |
| Tipo de ítem | Informe de Práctica |
| Withdrawn status | Estado | Estado físico | Not for loan | Total Checkouts | Clasificación | Número de inscripción | Date last seen | Price effective from | Tipo de ítem |
|---|---|---|---|---|---|---|---|---|---|
| MD 267 | MD267 | 11/02/2016 | 11/02/2016 | Informe de Práctica |